000 00375nam a2200145 4500
020 _a9788131510049
082 _a621.46 ELS
100 _aEl-Sharkawi, Mohamed A.
245 _aFundamentals of electric drives
260 _aNew Delhi, India
_bCenage Learning
_c2000
300 _axii, 314 p.
_bill. ;
500 _aIncludes index.
650 _aElectric driving.
942 _cBK
999 _c12326
_d12326